Normal view MARC view

Entry Personal Name

Number of records used in: 1

001 - CONTROL NUMBER

  • control field: 1204

003 - CONTROL NUMBER IDENTIFIER

  • control field: DLC

005 - DATE AND TIME OF LATEST TRANSACTION

  • control field: 20200114145201.0

008 - FIXED-LENGTH DATA ELEMENTS

  • fixed length control field: 910408n| acannaab| |n aaa |||

010 ## - LIBRARY OF CONGRESS CONTROL NUMBER

  • LC control number: n 91034017

040 ## - CATALOGING SOURCE

  • Original cataloging agency: DLC
  • Transcribing agency: DLC
  • Modifying agency: DLC

100 10 - HEADING--PERSONAL NAME

  • Personal name: DeSanctis, Gerardine

670 ## - SOURCE DATA FOUND

  • Source citation: nuc91-5668: Gallupe, B. The impact of computer-based support ... 1986
  • Information found: (hdg. on MnU rept.: DeSanctis, Gerardine; usage: Gerardine DeSanctis)

670 ## - SOURCE DATA FOUND

  • Source citation: Shaping organization form, c1999:
  • Information found: CIP t.p. (Gerardine DeSanctis)

Powered by Koha